| 000 | 01181nam a2200325 i 4500 | ||
|---|---|---|---|
| 003 | EG-GICUC | ||
| 005 | 20260509204114.0 | ||
| 008 | 260427s1937 ge ||||fr|||| 00| 0 ger d | ||
| 040 |
_aEG-GiCUC _bger _cEG-GiCUC _dEG-GiCUC _erda |
||
| 082 | 0 | 4 |
_221 _a341.33 _bMA . H |
| 092 | 0 | 4 | _221 |
| 099 | _aLaw1 11 341.33 MA . H 1937 | ||
| 100 | 1 |
_aMakarov, A. N _eAuthor. |
|
| 245 | 1 | 0 |
_aHandbuch Der Diplomatischen Korrespondenz Der Europäischen Staaten 1871-1878. _nTomus II / _cA. N. Makarov, Ernst Schmitz. _b |
| 246 | 1 | 1 | _aRépertoire De La Correspondance Diplomatique Des Etats Européens |
| 246 | 1 | 1 | _aDigest of the Diplomatic Correspondence of the European States |
| 264 | 1 |
_aBerlin : _bCarl Heymanns Verlag, _c1937. |
|
| 300 |
_a436pages : _billustrations, _c24 cm |
||
| 336 |
_2rda content _atext |
||
| 337 |
_2rda media _aComputer |
||
| 338 |
_2rda carrier _aOnline Resource |
||
| 504 | _aBibliography: pages 200-250. | ||
| 546 | _a Text in German | ||
| 650 | 1 | 4 |
_2 _aPublic international law |
| 651 | 1 | _2 | |
| 700 | 1 |
_aSchmitz, Ernst _ejoint author. |
|
| 856 | 4 | 0 | _uhttps://fll.law.cu.edu.eg/fulltext/bks/B11-09063.pdf |
| 905 | _a50 | ||
| 942 |
_2ddc _cBK _e21 _n0 |
||
| 999 |
_c73714 _d73714 |
||